[Event "Pan American-ch School U15 12th"]
[Site "Callao"]
[Date "2023.10.19"]
[Round "6"]
[White "Cuellar Aguirre, Andres Santiago"]
[Black "Castillo Vasquez, Miguel Angel"]
[Result "0-1"]
[WhiteElo "1103"]
[BlackElo "1214"]
[PlyCount "54"]
[EventDate "2023.10.16"]
[EventType "swiss"]
[EventRounds "9"]
[EventCountry "PER"]
[SourceTitle "Mega2024 Update 01"]
[Source "Chessbase"]
[SourceDate "2023.11.12"]
[SourceVersion "1"]
[SourceVersionDate "2023.11.12"]
[SourceQuality "1"]

1. d4 Nf6 2. Nf3 g6 3. e3 Bg7 4. Bd3 d6 5. Nbd2 Nbd7 6. 0-0 0-0 7. Re1 Re8 8. b3 e5 9. dxe5 dxe5 10. Bc4 c6 11. a4 h6 12. e4 Nc5 13. Ba3 Ncd7 14. Bb2 Qc7 15. b4 b6 16. Bb3 b5 17. c4 Rb8 18. cxb5 cxb5 19. axb5 Nb6 20. Rc1 Qd6 21. Rc6 Qxb4 22. Bxe5 Qxb5 23. Bxb8 Qxc6 24. Bxa7 Qb7 25. Bxb6 Qxb6 26. Nc4 Qb8 27. e5 Nd7 0-1